LEADER 00800nam0 2200277 450 001 000005022 005 20090220104852.0 010 $a88-238-3026-5 100 $a20031024d2003----km-y0itay50------ba 101 0 $aita 102 $aIT 200 1 $aCorporate e investment banking$fa cura di Giancarlo Forestieri 205 $a2. ed. 210 $aMilano$cEgea$d2003 215 $aXII, 676 p.$d24 cm 225 2 $a<>saggi 410 0$12001$a<>saggi 500 10$aCorporate e investment banking$960695 610 1 $aBanche$aMercati finanziari 676 $a332.66 702 1$aForestieri,$bGiancarlo 801 0$aIT$bUNIPARTHENOPE$gRICA$2UNIMARC 912 $a000005022 951 $cNAVA1$a332-C/13$b36326$d20031024 996 $aCorporate e investment banking$960695 997 $aUNIPARTHENOPE